[Event "21st Czech Rapid Open"]
[Site "Pardubice CZE"]
[Date "2010.07.22"]
[Round "8"]
[White "Gabrielian,A"]
[Black "Kononenko,Dmitry1"]
[Result "0-1"]
[WhiteElo "2559"]
[BlackElo "2590"]
[EventDate "2010.07.21"]

1. e4 c5 2. Nf3 Nc6 3. d4 cxd4 4. Nxd4 Nf6 5. Nc3 d6 6. Bg5 Bd7 7. Qd2 h6
8. Bxf6 gxf6 9. Nb3 Rc8 10. Bd3 h5 11. O-O h4 12. h3 Ne5 13. f4 Nc4 14.
Bxc4 Rxc4 15. Rae1 Qc8 16. Qd3 Rg8 17. Rf3 f5 18. e5 dxe5 19. fxe5 e6 20.
Rf2 Rg3 21. Rf3 Rxf3 22. Qxf3 b5 23. a3 Qc7 24. Qf2 a5 25. Kh1 b4 26. axb4
axb4 27. Ne2 Rxc2 28. Qxh4 Rxb2 29. Nbd4 Qxe5 30. Ra1 Qe4 31. Qf6 Rb1+ 32.
Rxb1 Qxb1+ 33. Kh2 Qe4 34. Ng3 Bd6 35. Qh8+ Ke7 36. Qg7 Qe5 37. Qg5+ Ke8
38. Qg8+ Ke7 39. Qg5+ Kf8 40. Nde2 f4 41. Qd8+ Be8 42. Nh5 Be7 43. Qd4 Qxd4
44. Nxd4 e5 45. Nb3 f5 46. g4 Bxh5 47. gxh5 Kg7 48. Kg2 Kh6 49. Kf3 Bd6 50.
Nd2 e4+ 51. Ke2 f3+ 0-1

[Event "21st Czech Rapid Open"]
[Site "Pardubice CZE"]
[Date "2010.07.22"]
[Round "8"]
[White "Panarin,M"]
[Black "Rakhmanov,Ale"]
[Result "0-1"]
[WhiteElo "2531"]
[BlackElo "2590"]
[EventDate "2010.07.21"]

1. e4 c5 2. Nf3 Nf6 3. Nc3 d5 4. exd5 Nxd5 5. Bb5+ Bd7 6. Ne5 Nf6 7. Nxd7
Nbxd7 8. O-O a6 9. Be2 e6 10. Re1 Qc7 11. g3 Bd6 12. Bf3 h5 13. d3 h4 14.
Kg2 Ne5 15. Bg5 O-O-O 16. Bxh4 Rxh4 17. gxh4 Ng6 18. h5 Nh4+ 19. Kf1 Bxh2
20. Bh1 Qf4 21. Qc1 Qf5 22. Ne4 Nxh5 23. Qe3 Kb8 24. Ke2 c4 25. Ng3 cxd3+
26. Kd2 Qa5+ 27. c3 Nxg3 28. Qf4+ Qc7 29. Qxc7+ Kxc7 30. fxg3 Bxg3 31. Rf1
f5 32. c4 g5 33. a4 Ng6 34. Ra3 Bf4+ 35. Kd1 Ne5 36. Rb3 b6 37. a5 bxa5 38.
Rb7+ Kd6 39. Rb6+ Kc5 40. Rxe6 Nxc4 41. Rf2 d2 42. Rc6+ Kb4 0-1

[Event "21st Czech Rapid Open"]
[Site "Pardubice CZE"]
[Date "2010.07.22"]
[Round "8"]
[White "Maslak,K"]
[Black "Hasangatin,R"]
[Result "1-0"]
[WhiteElo "2560"]
[BlackElo "2498"]
[EventDate "2010.07.21"]

1. d4 d5 2. c4 c6 3. Nc3 dxc4 4. e4 b5 5. a4 b4 6. Na2 Nf6 7. e5 Nd5 8.
Bxc4 a5 9. Nf3 Bf5 10. O-O e6 11. Bd2 Be7 12. Nc1 O-O 13. Nb3 Nd7 14. Re1
h6 15. h3 Qb6 16. Qe2 Rac8 17. Red1 Rfd8 18. Be3 Bg6 19. Kh1 Rc7 20. Nfd2
Qa7 21. Qf3 Nxe3 22. Qxe3 Nb6 23. Be2 Nd5 24. Qf3 c5 25. dxc5 Bxc5 26. Nxc5
Rxc5 27. Nc4 Qc7 28. Rd4 Ne7 29. Rxd8+ Qxd8 30. Qe3 Qc7 31. Nd6 Nd5 32. Qd4
Rc1+ 33. Rxc1 Qxc1+ 34. Kh2 Nf4 35. Bb5 Nd5 36. Nc4 Kh7 37. Nxa5 Ne7 38.
Qxb4 Nf5 39. Bd3 Qg5 40. Bxf5 Qxf5 41. Qd4 Qc2 42. Nb7 Qc6 43. Nc5 Bf5 44.
b4 1-0

[Event "21st Czech Rapid Open"]
[Site "Pardubice CZE"]
[Date "2010.07.22"]
[Round "8"]
[White "Prokopchuk,E"]
[Black "Navara,D"]
[Result "1-0"]
[WhiteElo "2511"]
[BlackElo "2731"]
[EventDate "2010.07.21"]

1. e4 c5 2. c4 Nc6 3. Nc3 e6 4. Nf3 Nd4 5. Be2 Ne7 6. Nxd4 cxd4 7. Nb5 Nc6
8. O-O Bc5 9. d3 O-O 10. f4 f5 11. Kh1 fxe4 12. dxe4 d6 13. Rb1 b6 14. Bd2
a5 15. a3 a4 16. Bd3 Bd7 17. Qe2 Kh8 18. Rf3 g5 19. e5 dxe5 20. Rh3 Rf5 21.
Bxf5 exf5 22. fxe5 Qe7 23. e6 g4 24. Rh6 Be8 25. Bf4 Rc8 26. h3 Bg6 27. Rd1
Qf6 28. Na7 Nxa7 29. Be5 Qg7 30. Rxg6 hxg6 1-0

[Event "21st Czech Rapid Open"]
[Site "Pardubice CZE"]
[Date "2010.07.22"]
[Round "8"]
[White "Kalod,R"]
[Black "Movsesian,S"]
[Result "1/2-1/2"]
[WhiteElo "2506"]
[BlackElo "2723"]
[EventDate "2010.07.21"]

1. e4 c5 2. Nf3 e6 3. b3 d6 4. Bb2 e5 5. Bc4 Be7 6. O-O Nf6 7. Re1 O-O 8.
c3 Bg4 9. h3 Bh5 10. d4 Nbd7 11. Nbd2 Qc7 12. Nf1 Nb6 13. Bd3 c4 14. Bc2
cxb3 15. axb3 Bxf3 16. Qxf3 exd4 17. c4 Nfd7 18. Bxd4 Bf6 19. Qc3 Rfe8 20.
Ne3 Re6 21. Red1 a6 22. Ng4 Bxd4 23. Qxd4 Rae8 24. Ne3 g6 25. Rac1 Qc5 26.
Rd2 Qb4 27. Nd5 Nxd5 28. cxd5 Qxd4 29. Rxd4 R6e7 30. Rc4 Nc5 31. f3 b5 32.
Rc3 a5 33. Ra1 Ra7 34. Kf2 h5 35. h4 f6 36. Ke3 f5 37. Kd4 fxe4 38. fxe4 b4
39. Rc4 Rxe4+ 40. Bxe4 Nxb3+ 41. Ke3 Nxa1 42. Rc6 a4 43. Rxd6 a3 44. Rxg6+
Kf8 45. d6 a2 46. Bd5 Rg7 47. Rxg7 Kxg7 48. Bxa2 Kf6 49. Kd2 b3 50. Bb1 Ke6
51. Kc3 Kxd6 52. Bg6 Ke5 53. g3 Nc2 54. Bxh5 Ne3 55. Bg6 Nf1 56. g4 Nh2 57.
Bf5 b2 58. Kxb2 Nxg4 1/2-1/2

[Event "21st Czech Rapid Open"]
[Site "Pardubice CZE"]
[Date "2010.07.22"]
[Round "8"]
[White "Maximov,D"]
[Black "Mamedov,Rau"]
[Result "1-0"]
[WhiteElo "2506"]
[BlackElo "2660"]
[EventDate "2010.07.21"]

1. e4 c5 2. Nf3 Nc6 3. Bb5 g6 4. Bxc6 dxc6 5. Nc3 Bg7 6. d3 b6 7. Be3 e5 8.
Qd2 Ne7 9. h3 h6 10. Ne2 Qc7 11. O-O-O Be6 12. Kb1 O-O-O 13. Qc3 Rhg8 14.
Bc1 a5 15. a4 f5 16. Qa3 g5 17. exf5 Nxf5 18. Rhe1 Bd5 19. Neg1 Rgf8 20. c4
Bg8 21. Ne2 Bh7 22. Ka2 Nd6 23. Ng3 e4 24. Nxe4 Nxe4 25. dxe4 Rxd1 26. Rxd1
Bxe4 27. Re1 Bg6 28. Bd2 Bf7 29. Qb3 Rd8 30. Ka1 Bg6 31. Re3 h5 32. Bc3
Bxc3 33. Qxc3 g4 34. hxg4 hxg4 35. Ne5 Rd1+ 36. Ka2 Bf5 37. Re1 Rd4 38. f3
Be6 39. fxg4 Kb7 40. g5 Bg8 41. g6 Ka6 42. g4 Qd6 43. g5 Qe6 44. b3 Qd6 45.
Ka3 b5 46. axb5+ cxb5 47. Qf3 b4+ 48. Kb2 Kb6 49. Qf6 Be6 50. Nd7+ Bxd7 51.
g7 Qxf6 52. gxf6 Rd2+ 53. Kc1 Rg2 54. f7 Bf5 55. f8=Q Rc2+ 56. Kd1 1-0

[Event "21st Czech Rapid Open"]
[Site "Pardubice CZE"]
[Date "2010.07.22"]
[Round "8"]
[White "Bryzgalin,K"]
[Black "Zakhartsov,Vi"]
[Result "0-1"]
[WhiteElo "2499"]
[BlackElo "2608"]
[EventDate "2010.07.21"]

1. d4 Nf6 2. Nf3 e6 3. Bg5 c5 4. e3 h6 5. Bh4 b6 6. Nbd2 Bb7 7. Bd3 Be7 8.
O-O Nc6 9. c3 cxd4 10. exd4 Nd5 11. Bxe7 Ncxe7 12. Re1 O-O 13. a4 Nf4 14.
Bf1 f5 15. g3 Nfg6 16. Bg2 Qc7 17. Qe2 Rac8 18. a5 bxa5 19. Nb3 Bd5 20.
Nxa5 Rb8 21. Rec1 Nc6 22. Nxc6 Bxc6 23. b4 Bd5 24. Ra5 Ne7 25. Rc5 Qb7 26.
Nh4 Bxg2 27. Nxg2 Nd5 28. Ne3 Nf6 29. f3 d6 30. Ra5 Rfc8 31. Qa2 Qxf3 32.
Qxe6+ Kh8 33. Rxf5 Qe2 34. Rf2 Qd3 35. Rd1 Qh7 36. Nf5 Re8 37. Qb3 Ne4 38.
Rff1 Rf8 39. Ne7 Rxf1+ 40. Rxf1 Nd2 41. Qe6 Qd3 42. Rf2 Ne4 43. Rf4 Nxc3
0-1

[Event "21st Czech Rapid Open"]
[Site "Pardubice CZE"]
[Date "2010.07.22"]
[Round "8"]
[White "Iskusnyh,S"]
[Black "Ghaem Maghami,E"]
[Result "0-1"]
[WhiteElo "2480"]
[BlackElo "2585"]
[EventDate "2010.07.21"]

1. d4 Nf6 2. c4 e6 3. g3 d5 4. Nf3 dxc4 5. Bg2 a6 6. O-O Nc6 7. Bg5 Rb8 8.
e3 b5 9. a4 Be7 10. axb5 axb5 11. b3 cxb3 12. Qxb3 O-O 13. Rc1 Bb7 14. Qxb5
Nxd4 15. Nxd4 Bxg2 16. Qc4 Bd5 17. Qc2 c5 18. Ne2 Be4 19. Qd2 Rxb1 0-1

[Event "21st Czech Rapid Open"]
[Site "Pardubice CZE"]
[Date "2010.07.22"]
[Round "8"]
[White "Grigoriants,S RUS"]
[Black "Baryshpolets,A"]
[Result "1-0"]
[WhiteElo "2566"]
[BlackElo "2450"]
[EventDate "2010.07.21"]

1. e4 e5 2. Nf3 Nc6 3. Bb5 a6 4. Ba4 Nf6 5. O-O Be7 6. Re1 b5 7. Bb3 d6 8.
c3 O-O 9. h3 h6 10. d4 Re8 11. Nbd2 Bf8 12. Nf1 Bb7 13. Ng3 Na5 14. Bc2 Nc4
15. a4 d5 16. Nxe5 Nxe5 17. dxe5 Nxe4 18. Nxe4 dxe4 19. Bf4 f5 20. Qh5 g5
21. Be3 f4 22. Qg6+ Kh8 23. Bd4 c5 24. Bxc5 Bxc5 25. Qxh6+ Kg8 26. Rad1 Bd5
27. Bxe4 Rxe5 28. Bh7+ 1-0

[Event "21st Czech Rapid Open"]
[Site "Pardubice CZE"]
[Date "2010.07.22"]
[Round "8"]
[White "Adhiban,B"]
[Black "Nabaty,T"]
[Result "1-0"]
[WhiteElo "2483"]
[BlackElo "2523"]
[EventDate "2010.07.21"]

1. Nf3 c5 2. c4 Nc6 3. d4 cxd4 4. Nxd4 Nf6 5. Nc3 e6 6. g3 Qb6 7. Ndb5 Ne5
8. Bg2 a6 9. Qa4 Rb8 10. Be3 axb5 11. Nxb5 Bc5 12. Bxc5 Qxc5 13. b4 Qe7 14.
c5 O-O 15. Qa7 Nc6 16. Bxc6 dxc6 17. Qxb8 cxb5 18. O-O Nd5 19. a3 e5 20.
Qd6 Qxd6 21. cxd6 Bd7 22. Rac1 Bc6 23. Rc5 Ra8 24. a4 Rxa4 25. d7 Ra8 26.
Rd1 Rd8 27. Rdxd5 f6 28. Rd2 Kf7 29. f4 Ke6 30. Kf2 h5 31. h4 g6 32. Ke3
Kf5 33. Rd6 Kg4 34. fxe5 fxe5 35. Rxg6+ Kf5 36. Rg5+ Kf6 37. Rxh5 Rxd7 38.
Rhxe5 Rd1 39. Rf5+ Kg6 40. h5+ Kh6 41. g4 Rd6 42. Rf6+ Rxf6 43. g5+ Kxh5
44. gxf6+ Kg6 45. Rf5 Be8 46. Rf4 1-0

[Event "21st Czech Rapid Open"]
[Site "Pardubice CZE"]
[Date "2010.07.22"]
[Round "8"]
[White "Polschikov,A"]
[Black "Sethuraman,S"]
[Result "1/2-1/2"]
[WhiteElo "2362"]
[BlackElo "2513"]
[EventDate "2010.07.21"]

1. e4 e6 2. d4 d5 3. Nd2 Nf6 4. e5 Nfd7 5. c3 c5 6. Bd3 Nc6 7. Ngf3 g6 8.
O-O Bg7 9. a3 Qb6 10. Re1 O-O 11. b4 cxd4 12. cxd4 Nxd4 13. Nxd4 Qxd4 14.
Nb3 Qh4 15. Bb2 b6 16. Rc1 a5 17. g3 Qd8 18. f4 axb4 19. axb4 Ba6 20. Bxa6
Rxa6 21. Nd4 Qa8 22. Qb3 Rb8 23. Nc6 Nc5 24. Ne7+ Kf8 25. Qc2 Kxe7 26. bxc5
Rc8 27. Bd4 bxc5 28. Bxc5+ Ke8 29. Qb3 Bf8 30. Bd4 Rac6 31. Qb5 Be7 32. Ra1
Qb8 33. Qd3 Rc4 34. Kg2 Bc5 35. Reb1 Qc7 36. Bxc5 Qxc5 37. Kh3 Rc2 38. Rb7
Qf2 39. Qb5+ Kf8 40. Rxf7+ Kxf7 41. Qd7+ Kf8 42. Qd6+ Kf7 43. Qd7+ Kf8 44.
Qd6+ 1/2-1/2

[Event "21st Czech Rapid Open"]
[Site "Pardubice CZE"]
[Date "2010.07.22"]
[Round "9"]
[White "Rakhmanov,Ale"]
[Black "Korobov,A"]
[Result "1-0"]
[WhiteElo "2590"]
[BlackElo "2657"]
[EventDate "2010.07.21"]

1. d4 d5 2. c4 c6 3. cxd5 cxd5 4. Nf3 Nc6 5. Nc3 Nf6 6. Bf4 e6 7. e3 Bd6 8.
Bg3 Bxg3 9. hxg3 Qd6 10. Bd3 Bd7 11. Rc1 Rc8 12. a3 h6 13. Rh4 Ke7 14. Ke2
a6 15. Qh1 b5 16. g4 Rhf8 17. g5 hxg5 18. Nxg5 e5 19. dxe5 Nxe5 20. Rd1
Bg4+ 21. f3 b4 22. axb4 Qxb4 23. Rd2 d4 24. exd4 Nxd3 25. Kxd3 Rxc3+ 26.
bxc3 Qb5+ 27. c4 Qxg5 28. Rxg4 Nxg4 29. Qe1+ Ne5+ 30. Qxe5+ Qxe5 31. dxe5
Ke6 32. Ke4 f5+ 33. Kf4 g5+ 34. Kxg5 Kxe5 35. Rd5+ Ke6 36. Ra5 f4 37. Kg4
Rg8+ 38. Kxf4 Rxg2 39. Rxa6+ Ke7 40. Ke4 Re2+ 41. Kd3 Rf2 42. Ke3 Rc2 43.
Kd4 Rf2 44. Ra3 Kd6 45. c5+ Kc7 46. Kd5 Rd2+ 47. Kc4 Rf2 48. Rd3 Rf1 49.
Kd5 Rf2 50. Rc3 Rd2+ 51. Ke5 Re2+ 52. Kf5 Re8 53. f4 Rf8+ 54. Ke5 Re8+ 55.
Kf5 Rf8+ 56. Ke4 Re8+ 57. Kd5 Rd8+ 58. Ke6 1-0

[Event "21st Czech Rapid Open"]
[Site "Pardubice CZE"]
[Date "2010.07.22"]
[Round "9"]
[White "Kononenko,Dmitry1"]
[Black "Schlosser,P"]
[Result "1-0"]
[WhiteElo "2590"]
[BlackElo "2575"]
[EventDate "2010.07.21"]

1. d4 Nf6 2. c4 e6 3. Nc3 Bb4 4. Qc2 c5 5. dxc5 a6 6. Nf3 Qc7 7. a3 Bxc5 8.
Bg5 Be7 9. e4 d6 10. Be2 Nbd7 11. O-O b6 12. Rfd1 Bb7 13. Rac1 O-O 14. b4
Rac8 15. Qb1 Qb8 16. h3 Qa8 17. Nd2 Rc7 18. f3 Re8 19. Bf1 Rcc8 20. Be3 Qb8
21. Bf2 h6 22. Nb3 Nh5 23. c5 bxc5 24. bxc5 Nxc5 25. Nxc5 dxc5 26. Na4 c4
27. Nb6 Rc6 28. Nxc4 Qc7 29. Qb3 Ba8 30. Rb1 Nf6 31. Qa4 Rd8 32. Rxd8+ Qxd8
33. Nb6 Rc3 34. Qd4 1-0

[Event "21st Czech Rapid Open"]
[Site "Pardubice CZE"]
[Date "2010.07.22"]
[Round "9"]
[White "Babula,V"]
[Black "Maslak,K"]
[Result "1/2-1/2"]
[WhiteElo "2533"]
[BlackElo "2560"]
[EventDate "2010.07.21"]

1. d4 Nf6 2. c4 g6 3. Nc3 d5 4. cxd5 Nxd5 5. Bd2 Nb6 6. Bf4 Bg7 7. e3 O-O
8. Nf3 c5 9. dxc5 N6d7 10. Nd5 Nc6 11. Bc7 Qe8 12. Bg3 Qd8 13. Bc7 Qe8 14.
Bg3 Qd8 15. Bc7 1/2-1/2

[Event "21st Czech Rapid Open"]
[Site "Pardubice CZE"]
[Date "2010.07.22"]
[Round "9"]
[White "Zakhartsov,Vi"]
[Black "Prokopchuk,E"]
[Result "1/2-1/2"]
[WhiteElo "2608"]
[BlackElo "2511"]
[EventDate "2010.07.21"]

1. d4 g6 2. e4 Bg7 3. c4 d6 4. Nc3 Nf6 5. Nf3 O-O 6. Be2 c6 7. O-O a6 8. h3
b5 9. e5 Nfd7 10. Bf4 dxe5 11. Nxe5 Nxe5 12. Bxe5 Bxe5 13. dxe5 Be6 14.
Qxd8 Rxd8 15. Rfd1 Nd7 16. f4 Nb6 17. c5 Nc4 18. b3 Ne3 19. Rxd8+ Rxd8 20.
Bf3 b4 21. Na4 Bd5 22. Kf2 Bxf3 23. Kxf3 Nf5 24. Rf1 Rd5 25. Rf2 h5 26. g4
hxg4+ 27. hxg4 Nd4+ 28. Ke4 Ne6 29. f5 gxf5+ 30. gxf5 Ng5+ 31. Ke3 Rxe5+
32. Kf4 f6 33. Rd2 Kf7 34. Rd7 Re4+ 35. Kg3 Re2 36. Ra7 Rxa2 37. Rxa6 Ra3
38. Rxc6 Rxb3+ 39. Kg4 Ra3 40. Nb2 Rc3 41. Rb6 b3 42. Rb4 Rxc5 43. Rxb3 Ne4
44. Nd1 Rc4 45. Ne3 Ra4 46. Kh3 Nd6 47. Kg3 Re4 48. Kf3 Ra4 49. Rd3 Kg7 50.
Rd1 Nf7 51. Rc1 Ne5+ 52. Ke2 Ra2+ 53. Rc2 Rxc2+ 54. Nxc2 Kh6 55. Ke3 Kg5
56. Ke4 Nf7 57. Nd4 Nd6+ 58. Kd5 Nxf5 59. Nc6 Kg4 60. Ke6 Ng7+ 61. Kxe7 f5
62. Nd4 f4 63. Kf6 Nh5+ 64. Ke6 Ng3 65. Ke5 Nh1 66. Ke4 Nf2+ 67. Ke5 Nd3+
68. Ke4 Nc5+ 69. Kd5 Na4 70. Ke4 Nb2 71. Ke5 Nd3+ 72. Ke4 Nb4 73. Ne2 f3
74. Ke3 Nd3 75. Nc3 Nc5 76. Kf2 Nd3+ 77. Ke3 Nf4 78. Ne4 Nd5+ 79. Kf2
1/2-1/2

[Event "21st Czech Rapid Open"]
[Site "Pardubice CZE"]
[Date "2010.07.22"]
[Round "9"]
[White "Pridorozhni,A"]
[Black "Stocek,J"]
[Result "1/2-1/2"]
[WhiteElo "2553"]
[BlackElo "2587"]
[EventDate "2010.07.21"]

1. e4 e5 2. Bc4 Nf6 3. d3 c6 4. Nf3 Be7 5. Bb3 d6 6. Nc3 O-O 7. Ne2 a5 8.
a4 Na6 9. c3 Nc5 10. Bc2 b5 11. axb5 cxb5 12. b4 Ncd7 13. Ng3 Bb7 14. bxa5
Re8 15. Nf5 Bf8 16. Ba3 Qxa5 17. Bb2 Qc7 18. Rxa8 Rxa8 19. O-O g6 20. Ne3
d5 21. exd5 Nxd5 22. Bb3 N7f6 23. Nxd5 Bxd5 24. c4 bxc4 25. dxc4 Bxf3 26.
Qxf3 Ra6 27. Re1 e4 28. Qc3 Qc5 29. Ra1 Rxa1+ 30. Bxa1 Bg7 31. Qd4 Qxd4 32.
Bxd4 Nd7 33. Be3 Bf8 34. Ba4 Nc5 35. Bc6 Bd6 36. Bh6 Bf8 37. Bg5 Kg7 38.
Bd5 Bd6 39. h3 f5 40. Kf1 Nd3 41. f3 exf3 42. Bxf3 h6 43. Be3 g5 44. Ke2
Nc5 45. Kd2 Ne6 46. Kc3 Kf6 47. Kb3 Ke5 48. Bd5 Nd4+ 49. Ka4 Bc5 50. Bd2 f4
51. Ba5 h5 52. Bc7+ Kf5 53. Ka5 g4 54. hxg4+ hxg4 55. Bb7 f3 56. gxf3 gxf3
57. Bb6 f2 58. Bg2 Nb3+ 59. Kb5 Bxb6 60. Kxb6 Nd2 61. c5 Kf4 62. c6 Kg3 63.
c7 Kxg2 64. c8=Q f1=Q 65. Qg4+ Kf2 66. Qd4+ Ke2 67. Qe5+ Kd3 68. Qd5+ Kc3
69. Qa5+ Kc2 70. Qa2+ Kc1 71. Qa3+ Kb1 72. Qb4+ Kc2 73. Qc5+ Qc4 1/2-1/2

[Event "21st Czech Rapid Open"]
[Site "Pardubice CZE"]
[Date "2010.07.22"]
[Round "9"]
[White "Ghaem Maghami,E"]
[Black "Maximov,D"]
[Result "1-0"]
[WhiteElo "2585"]
[BlackElo "2506"]
[EventDate "2010.07.21"]

1. e4 c5 2. Nf3 d6 3. d4 cxd4 4. Nxd4 Nc6 5. Nc3 Nf6 6. Bc4 e6 7. O-O Be7
8. Bb3 O-O 9. f4 Bd7 10. Be3 Nxd4 11. Bxd4 Bc6 12. Qe2 b5 13. Nxb5 Bxb5 14.
Qxb5 Nxe4 15. f5 e5 16. Be3 Bg5 17. Bxg5 Qxg5 18. Qd3 Nf6 19. Rae1 Rfd8 20.
Bd5 Rac8 21. c4 a5 22. b3 Rc5 23. Bf3 h5 24. Rd1 h4 25. h3 Qg3 26. Rfe1 Qf4
27. Be4 Nh5 28. Qe3 Qxe3+ 29. Rxe3 Nf4 30. Kf2 Kf8 31. Kf3 Ke7 32. Kg4 Rh8
33. Rd2 Rcc8 34. Re1 Rh6 35. Red1 Rc5 36. Kf3 Rf6 37. Ke3 g6 38. fxg6 Nxg6
39. Kd3 Nf4+ 40. Kc3 Rh6 41. a3 Rc8 42. b4 axb4+ 43. axb4 Rb8 44. b5 Rb6
45. Kb4 Rh8 46. Bc6 Ne6 47. Rxd6 Nd4 48. Kc5 Rbb8 49. Rd5 f6 50. R5xd4 exd4
51. Re1+ Kd8 52. Kxd4 Kc7 53. Kc5 Rh5+ 54. Bd5 Rh7 55. Re6 Rf8 56. b6+ Kb8
57. Kb5 Rh5 58. Rd6 Rg8 59. c5 1-0

[Event "21st Czech Rapid Open"]
[Site "Pardubice CZE"]
[Date "2010.07.22"]
[Round "9"]
[White "Movsesian,S"]
[Black "Sriram,J"]
[Result "1-0"]
[WhiteElo "2723"]
[BlackElo "2490"]
[EventDate "2010.07.21"]

1. e4 e5 2. Nf3 Nc6 3. Bc4 Nf6 4. d3 Be7 5. O-O O-O 6. a4 d5 7. exd5 Nxd5
8. h3 Kh8 9. Re1 f6 10. a5 a6 11. c3 Be6 12. Qb3 b5 13. axb6 cxb6 14. Rxa6
Rxa6 15. Bxa6 Ndb4 16. Qxe6 1-0

[Event "21st Czech Rapid Open"]
[Site "Pardubice CZE"]
[Date "2010.07.22"]
[Round "9"]
[White "Golichenko,I"]
[Black "Panarin,M"]
[Result "0-1"]
[WhiteElo "2419"]
[BlackElo "2531"]
[EventDate "2010.07.21"]

1. d4 Nf6 2. c4 c5 3. d5 e6 4. Nc3 exd5 5. cxd5 d6 6. Nf3 g6 7. g3 Bg7 8.
Bg2 O-O 9. O-O Re8 10. Nd2 a6 11. a4 Nbd7 12. h3 Nh5 13. Nc4 Ne5 14. Nxe5
Bxe5 15. e4 Bd7 16. a5 Bd4 17. Ne2 Bb5 18. Nxd4 Bxf1 19. Bxf1 cxd4 20. Qxd4
Qf6 21. Qd3 Qe5 22. Bg2 f5 23. Ra4 f4 24. g4 Nf6 25. Rb4 Nd7 26. Qf3 g5 27.
h4 h6 28. hxg5 hxg5 29. Rxb7 Nc5 30. Rc7 Rec8 31. Rxc8+ Rxc8 32. Bd2 Qxb2
33. Bc3 Qb1+ 34. Kh2 Rc7 35. e5 Rh7+ 36. Bh3 Qe4 37. Qd1 Qd3 38. Qxd3 Nxd3
39. exd6 Nxf2 40. d7 Rxd7 41. Bf1 Nxg4+ 42. Kg1 Ne3 43. Bxa6 Nxd5 44. Bd4
Nb4 45. Bc4+ Kh7 46. Bb6 g4 47. Be6 Rd1+ 48. Kf2 Nd3+ 49. Kg2 Rd2+ 50. Kg1
f3 51. Bxg4 Rg2+ 0-1

[Event "21st Czech Rapid Open"]
[Site "Pardubice CZE"]
[Date "2010.07.22"]
[Round "9"]
[White "Zaslavsky,M"]
[Black "Kalod,R"]
[Result "1/2-1/2"]
[WhiteElo "2413"]
[BlackElo "2506"]
[EventDate "2010.07.21"]

1. e4 c5 2. Nf3 e6 3. d4 cxd4 4. Nxd4 a6 5. Bd3 Bc5 6. Nb3 Be7 7. O-O d6 8.
Be3 Nd7 9. f4 Qc7 10. c4 Ngf6 11. Nc3 b6 12. Rc1 Bb7 13. Qf3 O-O 14. Nd4
Rfe8 15. b4 Rac8 16. Qh3 Bf8 17. f5 Ne5 18. Be2 Nxe4 19. fxe6 Nxc3 20. Rxc3
fxe6 21. Nxe6 Qd7 22. Nxf8 Qxh3 23. gxh3 Rxf8 24. Rxf8+ Rxf8 25. Bxb6 Nf3+
26. Bxf3 Rxf3 27. Rxf3 Bxf3 28. Kf2 Bh5 29. Ke3 Kf7 30. b5 Ke6 31. Bd4 Be8
32. a4 g5 33. Kd2 d5 34. b6 Bc6 35. c5 Kd7 36. Be5 Kc8 37. a5 Kb7 38. Ke3
Bd7 39. Kd4 Be6 40. Bf6 Kc6 41. Bxg5 Bxh3 42. Ke5 Bc8 43. Be3 h5 44. h4 Bg4
45. Bd4 Bc8 46. Kf6 Bg4 47. Ke7 Bf5 48. b7 Kxb7 49. Kd6 Bg4 50. c6+ Kc8 51.
Bb6 1/2-1/2

[Event "21st Czech Rapid Open"]
[Site "Pardubice CZE"]
[Date "2010.07.22"]
[Round "9"]
[White "Hasangatin,R"]
[Black "Potapov,Alexa1"]
[Result "1-0"]
[WhiteElo "2498"]
[BlackElo "2426"]
[EventDate "2010.07.21"]

1. e4 d6 2. d4 Nf6 3. Nc3 g6 4. Be3 Bg7 5. h3 c6 6. a4 Qc7 7. Nge2 e5 8. g4
Nbd7 9. Bg2 O-O 10. O-O Re8 11. Ng3 Re7 12. Qd2 a5 13. f4 exf4 14. Bxf4 b6
15. Bh6 Bh8 16. Rf2 Ba6 17. Nf5 Re6 18. Qf4 Rae8 19. Bg5 c5 20. Nd5 Qb8 21.
Nh6+ Kf8 22. e5 dxe5 23. dxe5 Qxe5 24. Qxe5 Rxe5 25. Nxf6 Nxf6 26. Bxf6
Bxf6 27. Rxf6 Kg7 28. Rxb6 Be2 29. Nxf7 Kxf7 30. Rb7+ Kg8 31. Re1 h5 32.
Bc6 R8e6 33. Rxe2 Rxe2 34. Bd5 Kf8 35. Bxe6 Rxe6 36. gxh5 gxh5 37. Rb5 c4
38. Kf2 c3 39. b3 Rd6 40. Ke3 Rd2 41. Rxh5 Rxc2 42. Kd3 Rc1 43. Rxa5 Ke7
44. Rc5 Rh1 45. Kxc3 Rxh3+ 46. Kb4 Kd6 47. Rc4 Rh8 48. a5 Rb8+ 49. Ka4 Kd5
50. Rc1 1-0

[Event "21st Czech Rapid Open"]
[Site "Pardubice CZE"]
[Date "2010.07.22"]
[Round "9"]
[White "Khalafova,N"]
[Black "Vidit,S"]
[Result "0-1"]
[WhiteElo "2063"]
[BlackElo "2492"]
[EventDate "2010.07.21"]

1. e4 c5 2. Nf3 d6 3. d4 cxd4 4. Nxd4 Nf6 5. Nc3 Nc6 6. Bc4 e6 7. Be3 Be7
8. Qe2 a6 9. O-O-O Nxd4 10. Bxd4 b5 11. Bb3 Bb7 12. f3 O-O 13. g4 b4 14.
Na4 Nd7 15. f4 Bc6 16. c3 Qc7 17. Rhe1 Rab8 18. Qc2 Rfc8 19. cxb4 Rxb4 20.
Nc3 Nc5 21. Bxc5 dxc5 22. Qe2 Qxf4+ 23. Kb1 Bf6 24. Qxa6 Qb8 25. e5 Bh4 26.
Re2 Bf3 27. Rdd2 Bxe2 28. Qxe2 c4 29. Bd1 Bg5 30. Rc2 Bf4 0-1

[Event "21st Czech Rapid Open"]
[Site "Pardubice CZE"]
[Date "2010.07.22"]
[Round "9"]
[White "Navara,D"]
[Black "Haimovich,T"]
[Result "1-0"]
[WhiteElo "2731"]
[BlackElo "2427"]
[EventDate "2010.07.21"]

1. e4 e6 2. d4 d5 3. Nd2 Ne7 4. c3 Nd7 5. Ngf3 c5 6. exd5 Nxd5 7. Ne4 Be7
8. dxc5 Nxc5 9. Nxc5 Bxc5 10. Bd3 Be7 11. Qc2 h6 12. O-O Qc7 13. a3 O-O 14.
Re1 b6 15. c4 Nf6 16. Ne5 Bb7 17. Bf4 Bd6 18. Rad1 Rad8 19. Qe2 Nd7 20.
Nxf7 Rxf7 21. Bxd6 Qc6 22. f3 Nc5 23. Bxc5 Qxc5+ 24. Kh1 Rd6 25. b4 Qc7 26.
Bb1 Rfd7 27. h3 Re7 28. Rxd6 Qxd6 29. Rd1 Qc7 30. Qd3 e5 31. Qh7+ Kf7 32.
Bg6+ Kf6 33. Bh5 1-0